مكتبة جامعة عجلون الوطنية

فهرس بحث المكتبة

Normal view MARC view
  • الثقافة العربية-الحياه الفكرية

Entry Topical Term

Number of records used in: 1

001 - CONTROL NUMBER

  • control field: 58396

003 - CONTROL NUMBER IDENTIFIER

  • control field: JO-AjAnu

005 - DATE AND TIME OF LATEST TRANSACTION

  • control field: 20230606083545.0

008 - FIXED-LENGTH DATA ELEMENTS

  • fixed length control field: 230606|| aca||aabn | a|a d

040 ## - CATALOGING SOURCE

  • Original cataloging agency: JO-AjAnu
  • Transcribing agency: JO-AjAnu

150 ## - HEADING--TOPICAL TERM

  • Topical term or geographic name entry element: الثقافة العربية-الحياه الفكرية

670 ## - SOURCE DATA FOUND

  • Source citation: Work cat.: (JO-AjAnu)29789: عبد الخالق، غسان اسماعيل, author 58395, الثقافة والحياة العربية